| 000 | 01253cam a2200289 4500 | ||
|---|---|---|---|
| 001 | ABS67294 | ||
| 008 | 031127n2003 000 0 eng u | ||
| 035 | _a(Sirsi) u124489 | ||
| 100 | _aCreasey, S. | ||
| 245 | _aSpecial report: Ports, airports and freight terminals | ||
| 260 | _c2003 | ||
| 490 |
_aProperty Week _v68(42) 24 October 2003, 43-56(6) |
||
| 520 | _aThe first article considers how supermarkets like Safeway and Asda have led the way in using rail freight to distribute goods and keep down costs. The second article gives an update on the global air industry with a look at King Sturge's "Airport property market survey 2003". The final article then examines how the UK's port industry is reaching capacity and whether a new scheme in Harwich could be a lifeline. Tables and graphs. | ||
| 590 | _aABS | ||
| 650 | _aPORTS | ||
| 650 | _aAIRPORTS | ||
| 650 | _aFREIGHT TERMINALS | ||
| 650 | _aSUPERMARKETS | ||
| 650 | _aKING STURGE | ||
| 650 | _aPROPERTY-COMMERCIAL PROPERTY-COMMERCIAL PROPERTY MARKET | ||
| 650 | _aEUROPE | ||
| 650 | _aINDUSTRIAL MARKET | ||
| 650 | _aPROPERTY-COMMERCIAL PROPERTY-OFFICE PROPERTY-OFFICE PROPERTY MARKET | ||
| 690 | _aTRANSPORT AND COMMUNICATIONS | ||
| 700 | _aHeath, V. | ||
| 942 | _n0 | ||
| 999 |
_c73872 _d73872 |
||